| 000 | 01735cam a22002655a 4500 | ||
|---|---|---|---|
| 001 | 17985876 | ||
| 005 | 20151111131609.0 | ||
| 008 | 131227t2015 paua fr 000 0 eng d | ||
| 020 | _a9781469845357 | ||
| 020 | _a1469845350 | ||
| 040 |
_aDNLM/DLC _cDLC _dDLC _dEG-ScBUE _beng |
||
| 082 | 0 | 4 |
_a610.730693076 _222 _bRUP |
| 100 | 1 |
_aRupert, Diana L. _938722 |
|
| 245 | 1 | 0 |
_aLippincott NCLEX-PN alternate format questions / _cDiana L. Rupert. |
| 246 | 3 | 0 | _aNCLEX-PN alternate format questions |
| 250 | _a3rd ed. | ||
| 260 |
_aPhiladelphia : _bWolters Kluwer Health, _cc.2015. |
||
| 300 |
_avii, 302 p. : _bill. ; _c26 cm. |
||
| 500 | _aPreceded by: NCLEX-PN 250 new-format questions. 2nd ed. 2006. | ||
| 520 | _a"The new 3rd edition of Lippincott's NCLEX-PN Alternate-Format Questions helps you prepare with confidence for every type of question on the NCLEX exam. This new edition addresses all the alternate-format question types--multiple-response questions, fill-in-the-blank questions, exhibit/chart questions, drag and drop questions, "hot spot" questions, graphic option questions, and audio questions (online only)--in the same style and format as those used on the current NCLEX-PN test plan. Each question also has a critical thinking test-taking strategy and the applicable integrated process. Fully updated, and with more than 400 questions - including a 120-question comprehensive exam that contains 25% alternate format questions - this essential study resource provides more questions than any other NCLEX book of its kind!"--Provided by publisher. | ||
| 650 | 7 |
_aPractical nursing _zUnited States _vExamination Questions. _2BUEsh _938723 |
|
| 651 | _2BUEsh | ||
| 653 |
_bNNUR _cAugust2015 _cNovember2015 |
||
| 942 | _2ddc | ||
| 999 |
_c20576 _d20548 |
||